Sean Paul Charting Songs (Billboard Hot Dance) - Statistics

General Stats
  • This quiz has been taken 9 times
  • The average score is 4 of 7
Answer Stats
Album Weeks On Peak Artist(s) Song % Correct
Mad Love the Prequel 21 Weeks #7 Sean Paul + David Guetta ft. Becky G Mad Love
100%
What is Love? 52 Weeks #2 Clean Bandit ft. Sean Paul & Anne-Marie Rockabye
100%
Non-Album Single 2 Weeks #41 Steve Aoki & Willy William ft. Sean Paul, Play N Skillz, El Alfa & Sfera Ebbasta Mambo
67%
Know No Better EP 2 Weeks #37 Major Lazer ft. J Balvin & Sean Paul Buscando Huellas
33%
Carte Blanche 5 Weeks #31 DJ Snake, Sean Paul & Anitta ft. Tainy Fuego
33%
Mad Love the Prequel 5 Weeks #36 Sean Paul + Major Lazer Tip Pon It
33%
Non-Album Single 5 Weeks #43 Sak Noel, Salvi & Sean Paul Trumpets
33%
No matching quizzes found
Score Distribution
Percent of People with Each Score
Percentile by Number Answered
Your Score History
You have not taken this quiz